• 首页
  • 本馆介绍
  • 公告通知
  • 最新文献
  • 馆藏检索
  • 电子资源
  • 读者导购
  • 参考咨询
  • 我的图书馆
  • 登录
  • 详细信息显示
  • 放入我的书架
  • 预约/预借图书
  • 作者相关作品
  • 分类相关作品
  • 丛书相关作品
  • 出版社相关作品

书目信息

  • 表格格式
  • 工作单格式
  • 卡片格式
题名:
失去的胜利
    
 
作者: 曼施泰因 , Manstein 著 ;钮先钟 译
分册:  
出版信息: 北京   战士出版社  1980
页数: 551页
开本: 19cm
丛书名:
单 册:
中图分类: K835.165.2 , E516
科图分类:
主题词: 军事
电子资源:
ISBN:
000 00855nam0 2200289 45
001 1531103987
005 20150128082450.75
010    @dCNY1.90
091    @aCN@b5185.3
100    @a19950425d1980 em y0chiy0121 ea
101 1  @achi@cger
102    @aCN@b110000
105    @ay z 000yy
200 10 @a失去的胜利@Ashi qu de sheng li@e曼斯坦元帅回忆录@f(德)曼施泰因(Manstein,F.E.Von)著@g钮先钟译
210    @a北京@c战士出版社@d1980
215    @a551页@d19cm
300    @a内部发行
517 1  @a曼斯坦元帅回忆录@Aman si tan yuan shuai hui yi lu
600  1 @a曼施泰因@bF.E.Von.@x回忆录
606 0  @a军事
690    @aK835.165.2@v3
690    @aE516@v4
701  1 @a曼施泰因@Aman shi tai yin@bF.E.Von.@4著
701 A1 @aManstein@bF.E.Von.@4著
702  0 @a钮先钟@Aniu xian zhong@4译
801  0 @aCN@bTSSF@c20150128
905    @aZUCC@dE516@eJY5
    
    失去的胜利:曼斯坦元帅回忆录/(德)曼施泰因(Manstein,F.E.Von)著/钮先钟译.-北京:战士出版社,1980
    551页;19cm
    内部发行
    
    ISBN :CNY1.90
    
●
相关链接 在E读中查询图书 在五车中查询图书 在当当中查询图书 在豆瓣中查询图书


正题名:失去的胜利     索取号:E516/JY5         预约/预借

序号 登录号 条形码 馆藏地/架位号 状态 备注
1 7843808   278438086   学院路分馆/ [索取号:E516/JY5] 在馆    
唐山师范学院图书馆 欢迎您!
大连网信软件有限公司© 版权所有